000 00330nam a2200145Ia 4500
008 150301s2015 xx 000 0 und d
082 _a612.015
_bM14N
100 _aM. N NOOLVI
245 _aTB OF MEDICAL BIOCHEMISTRY
250 _a1ST
260 _bCBS- DELHI
300 _a955
650 _aBIOCHEMISTRY
942 _2ddc
_cBK
_02
999 _c7200
_d7200